000 00798nam a22001935i 4500
001 167199
003 ES-MaACL
005 20251114102633.0
008 050921s1877 cl | |||||||| ||spa d
040 _aCAM
_bspa
_cCAM
100 1 _aVera, Robustiano.
_9113952
245 1 3 _aEl Coronel Don Domingo de Torres
_b: estudio histórico /
_cpor Robustiano Vera.
260 _aSantiago de Chile :
_b[s.n.],
_c1877 (
_fImp. de la Librería del Mercurio)
300 _a162 p. ;
_c16 cm.
600 1 7 _aTorres, Domingo de,
_cCoronel-
_xBiografías
_2
_9133337
651 4 _aArgentina-
_xHistoria-
_yS.XIX.
_97811
852 _aES-MaACL
_jT-482-F-2
_z-- Enc. hol., falto de la cub. original
_z-- Enc. en un vol. facticio
_z.- Dedicatoria autógrafa del autor a Manuel Torres Campos
999 _c167199
_d167199